000 00687nam a2200265Ia 4500
005 20260302115652.0
008 008 260114s9999 xx 000 0 eng d
020 _a9798216990697
037 _aTextbook
040 _aCRL
040 _beng
040 _cCRL
041 _2eng
041 _aeng
084 _qCRL
100 _aRuth L. Doyle
_91122284
245 0 _aVictor Hugo's Drama An Annotated Bibliography, 1900-1980
260 _bBloomsbury
260 _bGreenwood
260 _c1981
650 _aLiterary Studies
856 _uhttps://doi.org/10.5040/9798216990697?locatt=label:secondary_bloomsburyCollections
942 _cEBOOK
999 _c1687055
_d1687055